00927nam a2200265 a 4500001000800000003000900008005001700017007000800034008003900042040002200081100002200103245011800125260003300243300002800276490006200304500003500366500000600401504003300407650004800440650002500488650002200513700003200535700003200567830006200599 009313DO-SdBNP20180202102222.0 009313090929s 1984 mx a 001 0 spa d aBNPHUbspacBNPHU1 aGalguera, Isabel.10a El retardo en el desarrollo :bteoría y práctica /cIsabel Galguera, Guillermo Hinojosa R., Edgar Galindo C. aMéxico : bTrillas,c1984. a460 p. :bil. ;c25 cm.1 aAportaciones de la psicología a la educación especial a Incluye índice onomático  a  aBibliografía : 444-446 p.  a Educación de niños con discapacidades. aEducación especial aPsicopedagogía.1 aHinojosa Rivero, Guillermo.1 aGalindo Cota, Edgar Anibal. 0aAportaciones de la psicología a la educación especial